[Event "POL-chT1"]
[Site "Mrzezyno"]
[Date "2011.09.09"]
[Round "7"]
[White "Fraczek, Daniel"]
[Black "Duch, Mariusz"]
[Result "1-0"]
[WhiteElo "2391"]
[BlackElo "2262"]
[PlyCount "125"]
[EventDate "2011.09.03"]
[EventType "team-tourn"]
[EventRounds "9"]
[EventCountry "POL"]
[SourceTitle "CBM 144 Extra"]
[Source "ChessBase"]
[SourceDate "2011.10.28"]
[SourceVersion "1"]
[SourceVersionDate "2011.10.28"]
[SourceQuality "1"]
[WhiteTeam "Legnica Miedz"]
[BlackTeam "Gostynin Gostmat 83 "]
[WhiteTeamCountry "POL"]
[BlackTeamCountry "POL"]

1. d4 d6 2. g3 g6 3. Bg2 Bg7 4. Nf3 Nf6 5. 0-0 0-0 6. Re1 c5 7. d5 Na6 8. c4 Nc7 9. Nc3 e6 10. e4 exd5 11. exd5 a6 12. a4 b6 13. h3 Rb8 14. Bf1 b5 15. Nd2 Bb7 16. Nde4 Nxe4 17. Nxe4 bxc4 18. Bxc4 Qd7 19. Bf4 Ne8 20. Nxc5 Qxh3 21. Nxb7 Rxb7 22. Bxa6 Rxb2 23. Bf1 Qf5 24. Rb1 Rxb1 25. Qxb1 Qxd5 26. Qb5 Nc7 27. Qxd5 Nxd5 28. Bxd6 Rd8 29. Ba3 h5 30. Rd1 Bf6 31. a5 Nc3 32. Rxd8+ Bxd8 33. Bb4 Nd5 34. Bd2 Ne7 35. Bg2 Nc8 36. Bb7 Nd6 37. Bc6 f5 38. Bb4 Nc8 39. Bd7 Na7 40. Bc5 Bxa5 41. Bxa7 Bd8 42. Bd4 h4 43. g4 fxg4 44. Bxg4 Kh7 45. Kg2 Kh6 46. Kh3 Be7 47. f3 Bd8 48. Bf2 Kh7 49. Bxh4 Bb6 50. Bg5 Ba5 51. Be6 Kg7 52. Kg2 Bc7 53. Kf2 Be5 54. Ke3 Bb2 55. Ke4 Bc3 56. Bc4 Bb2 57. Kd5 Bc3 58. Ke6 Bb2 59. Bd3 Bc3 60. Bf4 Ba5 61. Be5+ Kh6 62. Kf7 g5 63. Bg6 1-0

[Event "Krakow MMK"]
[Site "Krakow"]
[Date "2011.08.13"]
[Round "9"]
[White "Walter, Stefan1"]
[Black "Fraczek, Daniel"]
[Result "1/2-1/2"]
[WhiteElo "2344"]
[BlackElo "2374"]
[PlyCount "115"]
[EventDate "2011.08.06"]
[EventType "tourn"]
[EventRounds "9"]
[EventCountry "POL"]
[EventCategory "4"]
[SourceTitle "CBM 143 Extra"]
[Source "ChessBase"]
[SourceDate "2011.08.29"]
[SourceVersion "1"]
[SourceVersionDate "2011.08.29"]
[SourceQuality "1"]

1. d4 g6 2. c4 Bg7 3. Nc3 c5 4. d5 d6 5. e4 e6 6. Nge2 Ne7 7. Nf4 0-0 8. Be2 a6 9. a4 exd5 10. cxd5 Nd7 11. 0-0 Ne5 12. Qc2 Rb8 13. Bd2 Qe8 14. Rab1 b5 15. axb5 axb5 16. b4 c4 17. Ra1 f5 18. Ra7 Bd7 19. Rfa1 Nc8 20. R7a6 Ng4 21. Re1 Bd4 22. Bxg4 fxg4 23. Be3 Bxe3 24. fxe3 Qe5 25. Qd2 Nb6 26. Nfe2 Na4 27. Ra7 Rf7 28. Qd4 Nxc3 29. Nxc3 Qg5 30. Ne2 Rbf8 31. Raa1 Qh4 32. Ng3 Qg5 33. Rf1 Rxf1+ 34. Rxf1 Ra8 35. Qb6 Qe7 36. Qb7 Rf8 37. Rxf8+ Kxf8 38. Ne2 Be8 39. Qb6 Kf7 40. Qd4 Qe5 41. Qa7+ Qe7 42. Qd4 Qe5 43. Nf4 Bd7 44. Kf2 g5 45. Ne2 h5 46. Qa7 Ke8 47. Qd4 Ke7 48. Ng3 h4 49. Ne2 Qf6+ 50. Ke1 Qe5 51. g3 h3 52. Kd2 Qf6 53. Ke1 Qe5 54. Qxe5+ dxe5 55. Nc3 Kd6 56. Kd2 Be8 57. Kc2 Bd7 58. Kd2 1/2-1/2

[Event "Krakow MMK"]
[Site "Krakow"]
[Date "2011.08.09"]
[Round "5"]
[White "Fraczek, Daniel"]
[Black "Sivuk, Vitaly"]
[Result "1/2-1/2"]
[WhiteElo "2374"]
[BlackElo "2422"]
[PlyCount "119"]
[EventDate "2011.08.06"]
[EventType "tourn"]
[EventRounds "9"]
[EventCountry "POL"]
[EventCategory "4"]
[SourceTitle "CBM 143 Extra"]
[Source "ChessBase"]
[SourceDate "2011.08.29"]
[SourceVersion "1"]
[SourceVersionDate "2011.08.29"]
[SourceQuality "1"]

1. Nf3 f5 2. d4 g6 3. g3 Bg7 4. Bg2 Nf6 5. 0-0 0-0 6. c4 d6 7. b4 e6 8. Nc3 Qe7 9. Bb2 Nbd7 10. c5 Ne4 11. Qd3 Nxc3 12. Qxc3 a5 13. cxd6 cxd6 14. bxa5 Nb8 15. Nd2 Nc6 16. Nb3 f4 17. Qd2 e5 18. dxe5 dxe5 19. Rad1 Bg4 20. h3 Be6 21. Qd6 Qxd6 22. Rxd6 Bxb3 23. axb3 Rxa5 24. Rd7 Ra2 25. Rb1 fxg3 26. fxg3 Nd4 27. Bd5+ Kh8 28. Bxd4 exd4 29. Bc4 Ra5 30. Rf1 Rxf1+ 31. Kxf1 Rf5+ 32. Kg2 b6 33. g4 Rf8 34. Rd5 h6 35. h4 Bf6 36. Kg3 Rd8 37. Rb5 Rd6 38. g5 hxg5 39. hxg5 Bd8 40. Re5 Kg7 41. Kg4 Kf8 42. Kf3 Rd7 43. Re6 Bxg5 44. Rxb6 Kg7 45. Bd3 Bf6 46. b4 g5 47. b5 Bd8 48. Rg6+ Kf7 49. Rh6 Bf6 50. Rh7+ Ke8 51. Rh6 Rd6 52. Kg4 Kd8 53. Kf5 Be5 54. Rh7 Bf4 55. Be4 Rd7 56. Rh6 Rd6 57. Rh8+ Kc7 58. Bd3 Rd5+ 59. Ke4 Rd6 60. Rh7+ 1/2-1/2

[Event "Krakow-ch Seniors/Juniors"]
[Site "Krakow"]
[Date "2010.05.01"]
[Round "7"]
[White "Fraczek, Daniel"]
[Black "Gbyl, Andrzej"]
[Result "1-0"]
[WhiteElo "2380"]
[BlackElo "2271"]
[PlyCount "169"]
[EventDate "2010.04.25"]
[EventType "swiss"]
[EventRounds "9"]
[EventCountry "POL"]
[SourceTitle "EXT 2023"]
[Source "ChessBase"]
[SourceDate "2022.10.05"]
[SourceVersion "1"]
[SourceVersionDate "2022.10.05"]
[SourceQuality "1"]

1. d4 d5 2. c4 c6 3. Nc3 Nf6 4. e3 e6 5. Nf3 Bd6 6. Bd3 0-0 7. 0-0 Nbd7 8. Qc2 h6 9. b3 e5 10. cxd5 cxd5 11. Nb5 Bb8 12. dxe5 Nxe5 13. Nxe5 Bxe5 14. Bb2 Bxb2 15. Qxb2 Be6 16. Qe5 a6 17. Nc7 Rc8 18. Rac1 Qd7 19. h3 Ne8 20. Nxe6 fxe6 21. Rxc8 Qxc8 22. e4 Nf6 23. exd5 exd5 24. Bg6 Rd8 25. Re1 d4 26. Rd1 Qd7 27. Bd3 Qd6 28. Qf5 b5 29. Re1 Re8 30. Rxe8+ Nxe8 31. a4 Nc7 32. g3 Qc6 33. h4 Qe8 34. h5 Qc6 35. axb5 axb5 36. Qe5 Qd7 37. Qe4 Kf8 38. Qh7 Qe6 39. Qh8+ Qg8 40. Qxg8+ Kxg8 41. Kg2 Kf7 42. Kf3 Kf6 43. Ke4 Ke6 44. Kxd4 Kd6 45. Be4 Ne6+ 46. Kc3 Kc5 47. Bh7 Nc7 48. Bg8 Na6 49. f4 Nb4 50. Bf7 Nc6 51. g4 Ne7 52. Kd3 Nc8 53. Be6 Ne7 54. Ke4 Kd6 55. Bf7 Nc8 56. Kd4 Na7 57. Be8 Ke7 58. Bg6 Kd6 59. Be4 Nc8 60. Bd3 Na7 61. Ke4 Ke6 62. Be2 Nc8 63. Kd4 Nd6 64. Bd3 Ne8 65. Bxb5 Nf6 66. Be2 Kd6 67. Bf3 Nd7 68. b4 Nf8 69. Bd5 Nd7 70. b5 Nb6 71. Bc6 Nc8 72. Bf3 Nb6 73. Be4 Nd7 74. g5 Nb6 75. Bc6 Nc8 76. Ke4 Ne7 77. Be8 Nd5 78. Bc6 Ne7 79. Ba8 Nc8 80. gxh6 gxh6 81. Kf5 Nb6 82. Bc6 Ke7 83. Kg6 Nc8 84. f5 Kf8 85. Kxh6 1-0